000
00312nam a22001337a 4500
003
OSt
008
250215b |||||||| |||| 00| 0 eng d
020
_a
9789348140470
100
_a
NAVITA
245
_a
Emerging Trends in Business and HR
300
_a
347p.
650
_a
Faculty Publication
942
_2
ddc
_c
BK
999
_c
13145
_d
13145